| 000 | 00731nam a2200217 a 4500 | ||
|---|---|---|---|
| 003 | 0 | ||
| 005 | 20250204084742.0 | ||
| 008 | 130824s19uu xx 00 eng d | ||
| 050 |
_aPHS BF 576 _b.P957 2013 |
||
| 100 | _aPrins, Natasha | ||
| 245 |
_aEmotional intelligence and rebellious behavior / _cNatasha Prins. |
||
| 260 |
_aLas PiƱas City, Philippines : _bSouthville International School and Colleges, _c2013. |
||
| 300 |
_a45 p. : _bill. ; _c28 cm. |
||
| 504 | _aIncludes bibliographical references. | ||
| 650 | _aEmotional intelligence. | ||
| 650 | _aRebellion (Psychology). | ||
| 650 | _aAdolescent psychology. | ||
| 650 | _aPersonality and behavior. | ||
| 650 | _aSocial behavior in adolescence. | ||
| 942 |
_2lcc _cPASS |
||
| 999 |
_c98967 _d98967 |
||